Statistics for Wordle Challenge

Click here to take the quiz!

General Stats

  • This quiz has been taken 1,360 times
  • The average score is 4 of 8

Answer Stats

Answer% Correct
SUGAR
70%
LOGIC
65%
SIXTH
57%
DREAM
49%
ZEBRA
39%
YACHT
29%
CRYPT
23%
CHIEF
20%

Score Distribution

Percentile by Number Answered

Percent of People with Each Score

Your Score History

You have not taken this quiz